000 00662nam a2200265Ia 4500
005 20260121165433.0
008 008 260114s9999 xx 000 0 eng d
020 _a9783319388366
037 _aEBOOK
040 _aCRL
040 _beng
040 _cCRL
041 _2eng
041 _aeng
084 _qCRL
100 _aLee Kruger
_91051697
245 0 _aLogistics Matters and the U.S. Army in Occupied Germany, 1945-1949
260 _bSpringer
260 _bSpringer
260 _c2017
856 _uhttps://link.springer.com/openurl?genre=book&isbn=978-3-319-38836-6
942 _cEBOOK
999 _c1617422
_d1617422